Basic english usage. Exercises
Αποθηκεύτηκε σε:
| Κύριοι συγγραφείς: | , |
|---|---|
| Μορφή: | Βιβλίο |
| Γλώσσα: | Αγγλικά |
| Έκδοση: |
Oxford
Oxford University Press
1986
|
| Σειρά: | Oxford English
|
| Θέματα: | |
| Ετικέτες: |
Προσθήκη ετικέτας
Δεν υπάρχουν, Καταχωρήστε ετικέτα πρώτοι!
|
MARC
| LEADER | 00000nam a2200000 a 4500 | ||
|---|---|---|---|
| 001 | UCI1303 | ||
| 003 | CL-VaPUC | ||
| 008 | 070629e19860000UK |||||||||||||||||eng|d | ||
| 020 | |a 0194311880 | ||
| 082 | 0 | 4 | |a 425 |b SEI |2 21 |
| 100 | 0 | |a Seidl, Jennifer |e author |9 521736 | |
| 700 | 0 | |a Swan, Michael |e author |9 521737 | |
| 245 | 1 | 0 | |a Basic english usage. Exercises |
| 300 | |a 120 p | ||
| 942 | |c BK | ||
| 945 | |d 20070629 00:00:00 |a rbrito | ||
| 260 | |a Oxford |b Oxford University Press |c 1986 | ||
| 650 | 0 | |a Inglés |9 260023 | |
| 650 | 0 | |a Gramática |9 270497 | |
| 650 | 0 | |a Enseñanza de idiomas |9 339820 | |
| 650 | 0 | |a Enseñanza del inglés |9 367340 | |
| 583 | |a last modification |c 20170823 05:09:22 |k Rodrigo Vera | ||
| 490 | 0 | |a Oxford English | |
| 999 | |c 326137 |d 326135 | ||
| 952 | |0 0 |1 0 |4 0 |6 425_000000000000000_SEI_1986 |7 0 |8 A |9 407873 |a BIBEDU |b BIBEDU |d 2019-11-22 |i 4067878 |o 425 SEI 1986 |p 4067878 |r 2019-11-22 |w 2019-11-22 |y BK |k LIT | ||